000 00866nam a22002057a 4500
999 _c14025
_d14025
003 AR-CdUCM
008 190417b ||||| |||| 00| 0 spa d
040 _aMUNICIPALIDAD PROVINCIAL DEL CUSCO
_cBIBLIOTECA MUNICIPAL DEL CUSCO
082 _a985.01 /
_bK82
245 _aKontisuyo :
_bBoletín del Museo de Arqueología e Historia /
260 _aArequipa :
_bMuseo de Arqueología e Historia de la Universidad Nacional de San Agustín,
_c1969.
300 _a183 paginas ;
_bIlustraciones,
_c21 cm.
505 _aContenido :Culturas preceramicas en la arqueología de Arica --Geografía de las afecciones dento-maxilares en cráneos precolombinos de la región de Arequipa ...
650 _aArqueología
_9371
650 _aOdontoantropologia
_932689
650 _aArequipa
_91703
650 _aHistoria
_9136
942 _2ddc
_cFOLLETOS
945 _arjall
_d2019-04-17